Analysis of the leaf litter arthropod fauna of a lowland tropical evergreen forest site (La Selva, Costa Rica) (Registro nro. 13844)
[ vista simple ]
| 000 -CABECERA | |
|---|---|
| Campo de control | 003900000a22001210004500 |
| 090 ## - CLASIFICACIÓN LOCAL | |
| Colección | AR |
| Consecutivo | 04744 |
| 041 0# - IDIOMA | |
| Código de idioma para texto/pista de sonido o título separado | |
| 100 1# - ASIENTO PRINCIPAL--NOMBRE PERSONAL | |
| Nombre personal | Lieberman, Susan |
| 245 10 - MENCION DE TITULO | |
| Título | Analysis of the leaf litter arthropod fauna of a lowland tropical evergreen forest site (La Selva, Costa Rica) |
| 700 1# - ASIENTO SECUNDARIO - NOMBRE PERSONAL | |
| Nombre personal | Dock, Charles F. |
| 773 1# - Item fuente: | |
| Título | Rev. Biol. trop. |
| Descripción física | 1 |
| Paginas del Articulo | 37-34 |
| Lugar, editorial y fecha de publicación | 1982 |
| Información sobre la relación | 30 |
| 942 ## - ELEMENTOS ADICIONALES (KOHA) | |
| Tipo de ítem | Artículo |
| Withdrawn status | Lost status | Damaged status | No para préstamo | Colección | Ubicación Permanente | Ubicación actual | Fecha de adquisición | Fuente de Valor | Datos de publicación Seriada | Total Checkouts | Número topográfico | Inventario / Código de Barras | Date last seen | Ejemplar | Price effective from | Forma de adquisición | Tipo de material |
|---|---|---|---|---|---|---|---|---|---|---|---|---|---|---|---|---|---|
| No para Préstamo | Hemeroteca | Bogotá | Bogotá | 18/05/2010 | Escobar Sarria, Federico | Fuera de circulación | AR 04744 | 028109 | 25/03/2015 | 1 | 25/03/2015 | Artículo |